La cuantificacin̤ del daǫ en la vulneracin̤ de derechos fundamentales

Bibliographic Details
Main Author: Ozuna Samudio, Mauricio Javier
Format: eBook
Language:Spanish
Published: Barcelona: La Jurd̕ica, 2019
Subjects:
Online Access:Acceso restringido

MARC

LEADER 00000nam a22000007a 4500
005 20190809014827.0
007 cr|||| ||||
008 190809s2019 es |||||s|||| 00||0 spa d
020 |a 978-84-949479-4-0 
035 |a 24002 
040 |a vLex 
090 |c 9139  |d 9139 
100 1 |a Ozuna Samudio, Mauricio Javier 
245 1 2 |a La cuantificacin̤ del daǫ en la vulneracin̤ de derechos fundamentales  |h [Recurso electrn̤ico] /  |c Mauricio Javier Ozuna Samudio 
256 |a Servicio en ln̕ea 
260 |a Barcelona:  |b La Jurd̕ica,  |c 2019 
300 |a 1 recurso electrn̤ico 
506 1 |a Disponible solo en los productos indicados  |d vLex Global  |d vLex Global (Academic Edition, excluding Law Schools)  |d vLex Global (U.S. Academic Edition, Law Schools)  |d vLex Global (U.S. Academic Edition, excluding Law Schools)  |d vLex Global (Academic Edition, Law Schools) 
650 0 4 |a Derecho Civil  |z Espaą 
740 0 |a vLex Libros (Servicio en ln̕ea) 
856 4 0 |u http://vlex.com/source/cuantificacion-da-o-vulneracion-derechos-fundamentales-24002  |z Acceso restringido 
942 |c BOOK 
999 0 |a Civil Law